State of the world 1992 : (Record no. 136295)

MARC details
000 -LEADER
fixed length control field 00724nam a22002297a 4500
005 - DATE AND TIME OF LATEST TRANSACTION
control field 20170124110257.0
010 ## - LIBRARY OF CONGRESS CONTROL NUMBER
LC control number A-646012
020 ## - INTERNATIONAL STANDARD BOOK NUMBER
Terms of availability 200.00
International Standard Book Number 8185487049
035 ## - SYSTEM CONTROL NUMBER
System control number A-646012
037 ## - SOURCE OF ACQUISITION
Source of stock number/acquisition Cen Lib/ Ret
040 ## - CATALOGING SOURCE
Original cataloging agency DPL
Language of cataloging EN
082 ## - DEWEY DECIMAL CLASSIFICATION NUMBER
Classification number 360
Item number STA
245 ## - TITLE STATEMENT
Title State of the world 1992 :
Statement of responsibility, etc edited by Linda Starke
Remainder of title a worldwatch institute report on progress toward a sustainable society /
260 ## - PUBLICATION, DISTRIBUTION, ETC. (IMPRINT)
Place of publication, distribution, etc New Delhi
Name of publisher, distributor, etc Horizon India Books
Date of publication, distribution, etc 1992
270 ## - ADDRESS
Address A-12, Sujan Singh Park
City New Delhi
300 ## - PHYSICAL DESCRIPTION
Extent 256p.
Dimensions 20cm(Hb)
500 ## - GENERAL NOTE
General note Includes index.
650 ## - SUBJECT ADDED ENTRY--TOPICAL TERM
Topical term or geographic name as entry element Social Work
9 (RLIN) 1156
650 ## - SUBJECT ADDED ENTRY--TOPICAL TERM
Topical term or geographic name as entry element Social Science
9 (RLIN) 140815
700 ## - ADDED ENTRY--PERSONAL NAME
Personal name Starke, Linda
9 (RLIN) 140816
942 ## - ADDED ENTRY ELEMENTS (KOHA)
Source of classification or shelving scheme Dewey Decimal Classification
Koha item type English Books
Classification part 360
Call number suffix STA
Holdings
Withdrawn status Lost status Damaged status Not for loan Home library Current library Date acquired Source of acquisition Cost, normal purchase price Total Checkouts Full call number Barcode Date last seen Copy number Cost, replacement price Price effective from Koha item type
        Central Library Central Library 19/03/2016 Cen Lib/Ret 200.00   360 STA A-646012 19/03/2016 1 200.00 19/03/2016 English Books

© Delhi Public Library
Hit Counter
free hit counter